Bio (Registro nro. 7861)
[ vista simple ]
| 000 -LEADER | |
|---|---|
| longitud fija campo de control | 01271nab a22004217a 4500 |
| 003 - IDENTIFICADOR DE NUMERO DE CONTROL | |
| control del campo | AR-RoUNA |
| 005 - FECHA DE LA ULTIMA MODIFICACION | |
| control del campo | 20260408062818.0 |
| 008 - CAMPO DE CONTROL - LIBROS | |
| longitud fija campo de control | 170315b xxub|||| |||| 00| 0 spa d |
| 022 ## - ISSN | |
| ISSN | 18523897 |
| 040 ## - ORIGEN DE LA CATALOGACION | |
| Agencia que cataloga la obra original | AR-RoUNA |
| Idioma en que se cataloga | spa |
| 041 ## - CODIGO DE IDIOMA | |
| Codigo de idioma del texto / sonido o titulo separado | spa |
| 044 ## - CODIGO DE PAIS / ENTIDAD PRODUCTORA | |
| Codigo MARC del pais | ag |
| 245 ## - TITULO PROPIAMENTE DICHO | |
| Titulo | Bio |
| 300 ## - DESCRIPCION FISICA | |
| Extension | [s.n] : |
| Otros detalles fisicos | fot. byn., |
| -- | plantas, |
| Dimensiones | 28x19 cm |
| 505 0# - NOTA DE CONTENIDO CON FORMATO | |
| Título principal | Nueva sede Central Banco Municipal de Rosario |
| 600 ## - MATERIA - NOMBRES PERSONALES | |
| Nombre personal | Capelli, Roberto |
| 9 (RLIN) | 9277 |
| 600 ## - MATERIA - NOMBRES PERSONALES | |
| Nombre personal | Crivos, Eduardo |
| 9 (RLIN) | 9278 |
| 600 ## - MATERIA - NOMBRES PERSONALES | |
| Nombre personal | Fisch, Sara R. |
| 9 (RLIN) | 6895 |
| 600 ## - MATERIA - NOMBRES PERSONALES | |
| Nombre personal | Garcia, Jorge |
| 9 (RLIN) | 9279 |
| 600 ## - MATERIA - NOMBRES PERSONALES | |
| Nombre personal | Iglesias, Ariel O. |
| 9 (RLIN) | 9280 |
| 600 ## - MATERIA - NOMBRES PERSONALES | |
| Nombre personal | Lopez, Isabel |
| 9 (RLIN) | 9281 |
| 600 ## - MATERIA - NOMBRES PERSONALES | |
| Nombre personal | Pronsato, Graciela |
| 9 (RLIN) | 9282 |
| 600 ## - MATERIA - NOMBRES PERSONALES | |
| Nombre personal | Sessa, Emilio R. |
| 9 (RLIN) | 9283 |
| 600 ## - MATERIA - NOMBRES PERSONALES | |
| Nombre personal | Sturlesse, Orlando |
| 9 (RLIN) | 9284 |
| 600 ## - MATERIA - NOMBRES PERSONALES | |
| Nombre personal | Belardinelli, Evelina |
| 9 (RLIN) | 9285 |
| 600 ## - MATERIA - NOMBRES PERSONALES | |
| Nombre personal | Sessa, Horacio |
| 9 (RLIN) | 9286 |
| 600 ## - MATERIA - NOMBRES PERSONALES | |
| Nombre personal | Bie, Graciela |
| 9 (RLIN) | 9287 |
| 600 ## - MATERIA - NOMBRES PERSONALES | |
| Nombre personal | Prieto, Jorge |
| 9 (RLIN) | 9288 |
| 650 ## - MATERIA - TERMINO TEMATICO | |
| Término tematico general | Bancos |
| 9 (RLIN) | 1108 |
| 651 #0 - MATERIA - NOMBRE GEOGRAFICO | |
| Termino geografico | Rosario (Santa Fe, Argentina) |
| 9 (RLIN) | 1246 |
| 653 ## - MATERIA - PALABRAS CLAVES | |
| Palabras claves | Banco municipal de Rosario |
| 773 0# - ENTRADA DEL ITEM MAYOR | |
| Entrada principal | Bio : Boletin informativo de obras |
| Lugar, editorial y fecha de la publicación | Rosario, Bio 1979 |
| Vol. - nro. (mes-año), pág. | nº 20 (jun. 1979), p.[s.n] |
| ISSN | 18523897 |
| 856 ## - LOCALIZACION ELECTRONICA Y ACCESO | |
| Identificador uniforme de recursos | <a href="www.revistabioonline.com.ar">www.revistabioonline.com.ar</a> |
| 908 ## - SOPORTE | |
| Soporte | Imp |
| 942 ## - FUENTE DE CLASIFICACION | |
| Clasificacion | Universal Decimal Classification |
| Tipo de item | Analítica |
| 945 ## - INFORMACION DE PROCESAMIENTO | |
| Codigo del operador | GOG |
| Fecha de ingreso o modificacion | 2017-10-18 |
| 980 ## - EQUIVALENCE OR CROSS-REFERENCE-SERIES STATEMENT--PERSONAL NAME/TITLE [LOCAL, CANADA] | |
| Field link and sequence number | |
| Miscellaneous information | CRON CRON |
| Estado retiro | Estado perdido | Sistema de clasificacion | Estado general | Biblioteca de origen | Ubicacion actual | Localizacion en estante | Fecha de adquisicion | Fuente de adquisicion | Prestamos totales | Numero de inventario (BARCODE) | Fecha ultima visto | Numero de ejemplar | Fecha del precio de reemplazo | Tipo de elemento KOHA | Número de Kardex | Nota no publica |
|---|---|---|---|---|---|---|---|---|---|---|---|---|---|---|---|---|
| Disponible | Disponible | udc | No dañado | Arq. Hilarión H. Larguia | Arq. Hilarión H. Larguia | Heme | 18/10/2017 | Don | 1002076 | 18/10/2017 | ej. 1 | 18/10/2017 | Analítica | K39 |